| 000 | 00672cam a22002293a 4500 | ||
|---|---|---|---|
| 001 | 3236 | ||
| 003 | PGUSA | ||
| 005 | 20140828083029.0 | ||
| 008 | 020501s2002||||xxu|||||s|||||000 | eng d | ||
| 040 |
_aPGUSA _beng |
||
| 042 | _adc | ||
| 050 | 4 | _aPS | |
| 100 | 1 |
_aBangs, John Kendrick, _d1862-1922 |
|
| 245 | 1 | 0 |
_aMr. Bonaparte of Corsica _h[electronic resource] / _cJohn Kendrick Bangs |
| 260 |
_bProject Gutenberg, _c2002 |
||
| 506 | _aPublic domain in the USA. | ||
| 516 | _aElectronic text | ||
| 653 | _aNapoleon I, Emperor of the French, 1769-1821 -- Humor | ||
| 830 | 0 |
_aProject Gutenberg _v3236 |
|
| 856 | 4 | 0 | _uhttp://www.gutenberg.org/ebooks/3236 |
| 942 | _cEB | ||
| 999 |
_c232565 _d232565 |
||